Working Woman:Indian Perspectives on Stereotypes Marginalisation and Empowerment (Record no. 224659)

MARC details
000 -LEADER
fixed length control field 01481nam a22003017a 4500
005 - DATE AND TIME OF LATEST TRANSACTION
control field 20220924101445.0
008 - FIXED-LENGTH DATA ELEMENTS--GENERAL INFORMATION
fixed length control field 220924b ||||| |||| 00| 0 eng d
020 ## - INTERNATIONAL STANDARD BOOK NUMBER
International Standard Book Number 9789390252930
040 ## - CATALOGING SOURCE
Transcribing agency AL
041 ## - LANGUAGE CODE
Language code of text/sound track or separate title English
082 ## - DEWEY DECIMAL CLASSIFICATION NUMBER
Edition number 23
Classification number 305.54
Item number BANW
100 ## - MAIN ENTRY--PERSONAL NAME
Personal name Smitha Banerjee and others
100 ## - MAIN ENTRY--PERSONAL NAME
9 (RLIN) 58425
245 ## - TITLE STATEMENT
Title Working Woman:Indian Perspectives on Stereotypes Marginalisation and Empowerment
260 ## - PUBLICATION, DISTRIBUTION, ETC.
Place of publication, distribution, etc. New Delhi
Name of publisher, distributor, etc. Bloomsbury Publishing India Pvt.Ltd
Date of publication, distribution, etc. 2020
300 ## - PHYSICAL DESCRIPTION
Extent ix,194 p.
Other physical details PB
Dimensions 23x15 cm.
365 ## - TRADE PRICE
Price type code 4177
Price amount ₹560.00
Currency code
Unit of pricing ₹699.00
Price note 20%
Price effective from 12/09/2022
520 ## - SUMMARY, ETC.
Summary, etc. The book navigates the working women's representations, marginalisations and empowerment mapped by Indian scholars from varied disciplines. It is an important and significant intervention in discourses on empowerment and development. It carries invigorating insights as the scholars cast their lens on the working woman engaged in a range of professions such as theatre actor and director, care giver, the nautch girl in colonial India and those working in the informal sector and the formal corporate sector.
650 ## - SUBJECT ADDED ENTRY--TOPICAL TERM
Topical term or geographic name entry element Working Woman
9 (RLIN) 58416
650 ## - SUBJECT ADDED ENTRY--TOPICAL TERM
Topical term or geographic name entry element feminist theatre
9 (RLIN) 58417
650 ## - SUBJECT ADDED ENTRY--TOPICAL TERM
Topical term or geographic name entry element gender stereotypes
9 (RLIN) 58418
650 ## - SUBJECT ADDED ENTRY--TOPICAL TERM
Topical term or geographic name entry element Ambitious women
9 (RLIN) 58419
650 ## - SUBJECT ADDED ENTRY--TOPICAL TERM
Topical term or geographic name entry element skill development
9 (RLIN) 58420
650 ## - SUBJECT ADDED ENTRY--TOPICAL TERM
Topical term or geographic name entry element urban women
9 (RLIN) 58421
700 ## - ADDED ENTRY--PERSONAL NAME
Personal name BANERJEE (Smita) ed
9 (RLIN) 58422
700 ## - ADDED ENTRY--PERSONAL NAME
Personal name SAKSENA (Shalini) ed
9 (RLIN) 58423
700 ## - ADDED ENTRY--PERSONAL NAME
Personal name AILAWADI (Neeru) ed
9 (RLIN) 58424
942 ## - ADDED ENTRY ELEMENTS (KOHA)
Source of classification or shelving scheme Dewey Decimal Classification
Koha item type Book
Holdings
Withdrawn status Lost status Source of classification or shelving scheme Damaged status Not for loan Collection code Home library Current library Date acquired Source of acquisition Cost, normal purchase price Total Checkouts Full call number Barcode Date last seen Cost, replacement price Price effective from Koha item type
    Dewey Decimal Classification     Sociology St Aloysius Library St Aloysius Library 09/20/2022 Biblios Book Point, Surathkal, Mangalore575014 560.00   305.54 BANW 076085 09/24/2022 699.00 09/24/2022 Book